[Event "Challenge"]
[Site "http://www.queenalice.com/game.php?id=602269"]
[Date "2009.6.12"]
[Round "-"]
[White "mid_knight"]
[Black "class_act"]
[Result "1-0"]
[WhiteElo "2062"]
[BlackElo "1556"]

1. b3 e5 2. Bb2 d6 3. e3 g6 4. d3 Nc6 5. Nf3 Bg4 6. Nbd2 Qd7 7. Be2 Nf6 8. O-O
Qf5 9. e4 Qf4 10. Bc1 Qh6 11. c3 Bxf3 12. Nxf3 Qh5 13. Ng5 Ng4 14. Bxg4 Qh4 15.
g3 Qh6 16. Nxf7 Qg7 17. Nxh8 Qxh8 18. Bg5 Be7 19. Bxe7 Nxe7 20. f4 exf4 21. Rxf4
Qxc3 22. Qf1 Qd4+ 23. Kh1 Qg7 24. Be6 Ng8 25. Rf7 Qxf7 26. Qxf7+ Kd8 27. Qf8#
1-0

[Event "Random"]
[Site "http://www.queenalice.com/game.php?id=611589"]
[Date "2009.6.30"]
[Round "4"]
[White "mid_knight"]
[Black "toomuchreading"]
[Result "0-1"]
[WhiteElo "2066"]
[BlackElo "1588"]

1. d4 e6 2. a3 b5 3. e3 c6 4. Nf3 d6 5. c4 bxc4 6. Bxc4 d5 7. Bd3 Bd6 8. Nc3 Nf6
9. Qc2 Ba6 10. O-O Qc7 11. Bd2 Ne4 12. Rfe1 Nxd2 13. Qxd2 Bxd3 14. Qxd3 Nd7 0-1

[Event "Challenge...well, not really..."]
[Site "http://www.queenalice.com/game.php?id=612343"]
[Date "2009.7.2"]
[Round "-"]
[White "FoxInSox"]
[Black "mid_knight"]
[Result "0-1"]
[WhiteElo "1619"]
[BlackElo "2064"]

1. e4 d6 2. d4 Nf6 3. Nc3 g6 4. Bg5 Bg7 5. Qd2 h6 6. Bxf6 exf6 7. Bb5+ c6 8. Bc4
O-O 9. d5 f5 10. O-O-O c5 11. Nge2 a6 12. exf5 Bxf5 13. Ng3 Bd7 14. Nge4 Qc7 15.
h4 b5 16. Bd3 b4 17. Nb1 Bf5 18. h5 c4 19. g4 Bxg4 20. hxg6 fxg6 21. Rdg1 Bf5
22. Bxc4 Bxe4 23. Qxb4 Nd7 24. c3 Rab8 25. Qxb8 Rxb8 26. Bxa6 Qb6 0-1

[Event "Challenge"]
[Site "http://www.queenalice.com/game.php?id=1251020"]
[Date "2014.1.24"]
[Round "-"]
[White "FoxInSox"]
[Black "mid_knight"]
[Result "0-1"]
[WhiteElo "1736"]
[BlackElo "2011"]

1. d4 e6 2. e4 d5 3. e5 c5 4. Nf3 Nc6 5. Bb5 Qa5+ 6. Nc3 Ne7 7. dxc5 Ng6 8. Bd2
Bxc5 9. Nxd5 Qd8 10. Nb4 O-O 11. Ng5 Nxb4 12. O-O Bd7 13. Bxd7 Qxd7 14. Bxb4
Qxd1 15. Raxd1 Bxb4 16. a3 Be7 17. Nf3 Rfd8 18. c4 Rac8 19. Rd4 Rxd4 20. Nxd4
Nxe5 21. b3 Bxa3 22. Nb5 Bc5 23. Rd1 h6 24. h3 Kf8 25. Kh2 Ke7 26. Kg1 Rd8 27.
Re1 Nd3 28. Rf1 a6 29. Nc3 Bxf2+ 30. Rxf2 Nxf2 31. Kxf2 Rd2+ 32. Kg3 Rd3+ 33.
Kh2 Rxc3 34. b4 Rxc4 0-1

[Event "Challenge"]
[Site "http://www.queenalice.com/game.php?id=1251021"]
[Date "2014.1.24"]
[Round "-"]
[White "mid_knight"]
[Black "FoxInSox"]
[Result "1-0"]
[WhiteElo "2006"]
[BlackElo "1732"]

1. d4 d5 2. c4 Nf6 3. cxd5 Qxd5 4. Nc3 Qa5 5. Nf3 e6 6. a3 c5 7. Bd2 Bd6 8. Ne4
Qb6 9. Nxf6+ gxf6 10. Qc2 Nc6 11. dxc5 Bxc5 12. e3 e5 13. Bc3 Be6 14. Be2 O-O-O
15. b4 Bxe3 16. fxe3 Qxe3 17. Bd2 Qb6 18. b5 Rxd2 19. Nxd2 Kb8 20. bxc6 Rc8 21.
Rb1 Qc7 22. Ba6 Qa5 23. Bxb7 Rc7 24. Qxh7 Bd5 25. Qg8+ Rc8 26. Qxc8# 1-0

[Event "Challenge"]
[Site "http://www.queenalice.com/game.php?id=1283877"]
[Date "2014.5.25"]
[Round "-"]
[White "FoxInSox"]
[Black "mid_knight"]
[Result "0-1"]
[WhiteElo "1680"]
[BlackElo "2016"]

1. e4 c5 2. d4 cxd4 3. e5 e6 4. Nf3 Nc6 5. Bg5 Nge7 6. Nxd4 Qa5+ 7. c3 Qxe5+ 8.
Be2 Qxg5 9. O-O Ng6 10. Nf3 Qd8 11. b4 b6 12. b5 Nce5 13. c4 Nxf3+ 14. Bxf3 Rb8
15. Nc3 Bb4 16. Qd4 O-O 17. Bh5 Qg5 18. g4 Nf4 19. Bxf7+ Rxf7 20. f3 Bxc3 21.
Qxc3 Ne2+ 22. Kg2 Nxc3 23. h3 Qh4 24. Rac1 Ne2 25. Rc2 Qg3+ 26. Kh1 Qxh3# 0-1

[Event "Challenge"]
[Site "http://www.queenalice.com/game.php?id=1307293"]
[Date "2014.9.9"]
[Round "-"]
[White "FoxInSox"]
[Black "mid_knight"]
[Result "0-1"]
[WhiteElo "1446"]
[BlackElo "2021"]

1. d4 f5 2. d5 Nf6 3. c4 g6 4. Bg5 Bg7 5. Nc3 d6 6. b4 O-O 7. Bxf6 Bxf6 8. Qc2
c6 9. Rd1 Nd7 10. e4 Bxc3+ 11. Qxc3 fxe4 12. Nh3 Ne5 13. Qd4 Bxh3 14. gxh3 Nf3+
15. Ke2 Nxd4+ 16. Rxd4 Qd7 0-1

[Event "Challenge"]
[Site "http://www.queenalice.com/game.php?id=1307294"]
[Date "2014.9.9"]
[Round "-"]
[White "mid_knight"]
[Black "FoxInSox"]
[Result "1-0"]
[WhiteElo "2019"]
[BlackElo "1544"]

1. Nf3 Nc6 2. e3 d5 3. d4 Nf6 4. Bb5 Ne4 5. c4 a6 6. Bxc6+ bxc6 7. cxd5 cxd5 8.
Qc2 Bf5 9. Qc6+ Bd7 10. Qxd5 Nf6 11. Qb3 Rb8 12. Qc2 Bg4 13. Ne5 Qd6 14. Nd2 c5
15. Ne4 1-0

[Event "AUTO-OPEN-3871"]
[Site "http://www.queenalice.com/game.php?id=1503717"]
[Date "2017.11.15"]
[Round "1"]
[White "clovis"]
[Black "mid_knight"]
[Result "0-1"]
[WhiteElo "2065"]
[BlackElo "2023"]

1. e4 c5 2. Nf3 e6 3. d4 cxd4 4. Nxd4 Bc5 5. Be3 d6 6. Bb5+ Bd7 7. O-O Nf6 8.
Bxd7+ Nbxd7 9. Nc3 O-O 10. Qe2 a6 11. Kh1 Bb4 12. f4 Bxc3 13. bxc3 Nxe4 14. f5
e5 15. Nb3 Nxc3 16. Qd3 Qc7 17. Rad1 Nxd1 18. Rxd1 Rfd8 19. Qxd6 Qxd6 20. Rxd6
Nf6 0-1

[Event "AUTO-OPEN-3871"]
[Site "http://www.queenalice.com/game.php?id=1503718"]
[Date "2017.11.15"]
[Round "1"]
[White "mid_knight"]
[Black "clovis"]
[Result "1-0"]
[WhiteElo "2072"]
[BlackElo "1970"]

1. d4 d5 2. c4 e5 3. dxe5 d4 4. Nf3 Nc6 5. a3 Bg4 6. Nbd2 Nge7 7. b4 Ng6 8. Bb2
Ncxe5 9. Bxd4 Bxf3 10. Nxf3 Nxf3+ 11. exf3 Bd6 12. Bxg7 Rg8 13. Qe2+ Be7 14. Rd1
Rxg7 15. Rxd8+ Rxd8 16. g3 f6 17. Qe4 Kf8 18. Bh3 Bxb4+ 19. axb4 Re8 20. Kd2
Rxe4 21. fxe4 Ne5 22. Kc3 Ng4 23. Bxg4 Rxg4 24. f3 Rg7 25. Rd1 Re7 26. g4 Kf7
27. Rd5 Kg6 28. h4 h5 29. Rxh5 1-0

[Event "AUTO-OPEN-3871"]
[Site "http://www.queenalice.com/game.php?id=1503737"]
[Date "2017.11.15"]
[Round "1"]
[White "chessman"]
[Black "mid_knight"]
[Result "0-1"]
[WhiteElo "2021"]
[BlackElo "2041"]

1. e4 e6 2. d4 d5 3. Nc3 dxe4 4. Nxe4 Nd7 5. Bd3 Ngf6 6. Nf3 c5 7. c3 b6 8. O-O
Bb7 9. Re1 Be7 10. Bb1 Rc8 11. Neg5 h6 12. Nxe6 fxe6 13. Bg6+ Kf8 14. Rxe6 Bd5
15. Re1 cxd4 16. cxd4 Nb8 17. Ne5 Nc6 18. Be3 Bb4 19. Bd2 Bd6 20. Nf7 Bxf7 21.
Bxf7 Kxf7 0-1

[Event "AUTO-OPEN-3871"]
[Site "http://www.queenalice.com/game.php?id=1503738"]
[Date "2017.11.15"]
[Round "1"]
[White "mid_knight"]
[Black "chessman"]
[Result "1-0"]
[WhiteElo "2056"]
[BlackElo "2006"]

1. d4 d5 2. c4 c6 3. Nf3 Nf6 4. Nc3 e6 5. Bg5 Be7 6. e3 O-O 7. Bd3 dxc4 8. Bxc4
Re8 9. Qc2 Nbd7 10. Rd1 Nb6 11. Bxf6 Bxf6 12. Bd3 h6 13. O-O Nd5 14. a3 a5 15.
Ne4 Qe7 16. Nxf6+ Qxf6 17. Ne5 Ne7 18. f4 Nd5 19. Qf2 Nb6 20. Qg3 Nd7 21. Ng4
1-0

[Event "AUTO-OPEN-3871"]
[Site "http://www.queenalice.com/game.php?id=1503749"]
[Date "2017.11.15"]
[Round "1"]
[White "mid_knight"]
[Black "belzinha"]
[Result "1-0"]
[WhiteElo "2070"]
[BlackElo "1644"]

1. d4 d5 2. c4 Nf6 3. cxd5 Nxd5 4. Nf3 Nc6 5. e4 Nf6 6. Nc3 Bg4 7. d5 Nb4 8.
Qa4+ Bd7 9. Qxb4 b6 10. Qc4 Bg4 11. Ne5 g6 12. Nb5 c5 13. dxc6 Qc8 14. Qxf7+ Kd8
15. c7+ Qxc7 16. Nxc7 1-0

[Event "AUTO-OPEN-3871"]
[Site "http://www.queenalice.com/game.php?id=1503750"]
[Date "2017.11.15"]
[Round "1"]
[White "belzinha"]
[Black "mid_knight"]
[Result "0-1"]
[WhiteElo "1661"]
[BlackElo "2084"]

1. e4 c5 2. Bc4 e6 3. Nf3 Nc6 4. O-O a6 5. c3 d5 6. exd5 exd5 7. Bd3 Nf6 8. Re1+
Be7 9. c4 O-O 10. Nc3 Re8 11. b3 Bg4 12. h3 Bxf3 13. Qxf3 Qc7 14. cxd5 Nd4 15.
Qg3 Bd6 16. Rxe8+ Rxe8 17. f4 Bxf4 18. Qh4 Bg3 19. Qg5 Re1+ 20. Bf1 Ne4 21. Qg4
Bh2+ 22. Kh1 Nf2# 0-1

[Event "AUTO-OPEN-3871"]
[Site "http://www.queenalice.com/game.php?id=1537506"]
[Date "2018.8.3"]
[Round "2"]
[White "Nille"]
[Black "mid_knight"]
[Result "0-1"]
[WhiteElo "1898"]
[BlackElo "2090"]

1. e4 c5 2. Nf3 e6 3. d4 cxd4 4. Nxd4 a6 5. a3 Qc7 6. Nc3 Nf6 7. Bd3 Nc6 8. Nxc6
dxc6 9. h3 Bc5 10. O-O b5 11. b4 Bd4 12. Bb2 e5 13. Qc1 Qd6 14. Rd1 Nh5 15. Qg5
Nf4 16. Qxg7 Qg6 17. Qxh8+ Ke7 18. Bf1 Nxh3+ 19. Kh2 Nxf2 20. Rd2 Ng4+ 21. Kg3
Nf2+ 22. Kh2 Qh5+ 0-1

[Event "AUTO-OPEN-3871"]
[Site "http://www.queenalice.com/game.php?id=1537507"]
[Date "2018.8.3"]
[Round "2"]
[White "mid_knight"]
[Black "Nille"]
[Result "1-0"]
[WhiteElo "2098"]
[BlackElo "1925"]

1. d4 d5 2. c4 dxc4 3. e4 e6 4. Bxc4 h6 5. Nf3 Nf6 6. Nc3 a6 7. O-O Be7 8. Re1
c6 9. a3 b5 10. Bd3 Bb7 11. e5 Nfd7 12. Be4 O-O 13. Re3 Nb6 14. Ne1 N8d7 15. Rg3
Kh8 16. Qh5 Nd5 17. Bxh6 g6 18. Bxg6 fxg6 19. Rxg6 Bf6 20. Bg7+ Kg8 21. Bxf6+
Kf7 22. Rg7# 1-0

[Event "AUTO-OPEN-3871"]
[Site "http://www.queenalice.com/game.php?id=1543830"]
[Date "2018.9.27"]
[Round "3"]
[White "lida"]
[Black "mid_knight"]
[Result "1-0"]
[WhiteElo "2492"]
[BlackElo "2104"]

1. e4 c5 2. Nf3 e6 3. d4 cxd4 4. Nxd4 a6 5. Bd3 Bc5 6. Nb3 Ba7 7. Qe2 Nc6 8. Be3
d6 9. Nc3 Nge7 10. O-O-O b5 11. Bxa7 Rxa7 12. Qe3 Rb7 13. Be2 1-0

[Event "AUTO-OPEN-3871"]
[Site "http://www.queenalice.com/game.php?id=1543831"]
[Date "2018.9.27"]
[Round "3"]
[White "mid_knight"]
[Black "lida"]
[Result "0-1"]
[WhiteElo "2105"]
[BlackElo "2491"]

1. d4 Nf6 2. c4 e6 3. Nc3 Bb4 4. Qc2 O-O 5. e4 d5 6. e5 Ne4 7. a3 Bxc3+ 8. bxc3
c5 9. Bd3 Nc6 10. Ne2 cxd4 11. cxd4 f5 0-1